[Event "ESP-ch rapid"]
[Site "Linares"]
[Date "2019.08.24"]
[Round "1"]
[White "Moreno Gutierrez, Alfonso"]
[Black "Gonzalez Trigal, Jose Luis"]
[Result "0-1"]
[WhiteElo "1863"]
[BlackElo "2352"]
[PlyCount "60"]
[EventDate "2019.08.24"]
[EventType "swiss (rapid)"]
[EventRounds "9"]
[EventCountry "ESP"]
[SourceTitle "EXT 2020"]
[Source "ChessBase"]
[SourceDate "2019.10.17"]
[SourceVersion "1"]
[SourceVersionDate "2019.10.17"]
[SourceQuality "1"]

1. d4 Nf6 2. c4 g6 3. Nc3 d5 4. cxd5 Nxd5 5. Bd2 Bg7 6. e4 Nxc3 7. Bxc3 0-0 8. f4 c5 9. d5 Bxc3+ 10. bxc3 e5 11. Nf3 exf4 12. Bc4 Re8 13. Qd3 Bf5 14. Nd2 Nd7 15. 0-0 Ne5 16. Qe2 Bg4 17. Nf3 Rb8 18. Bb5 Re7 19. Qd2 Bxf3 20. gxf3 c4 21. Ba4 g5 22. h4 b5 23. Bc2 h6 24. Rf2 f6 25. Kh1 Qd7 26. Kh2 Rg7 27. Rg1 Kh8 28. Qd4 Rbg8 29. Bd1 gxh4 30. Rxg7 Qxg7 0-1